000 00480nam a2200181Ia 4500
005 20250326125809.0
008 250326s9999 xx 000 0 und d
037 _aTextbook
040 _aFMSL
_beng
_cFMSL
041 _aeng
_2eng
084 _aX:8F N5
_qFMSL
100 _aLasser T K
_9739715
245 0 _aStatndard handbook for accountants
_cLasser T K
260 _aNY
_bNY, M G H
_c1953
300 _a591p
942 _cTB
_hX:8F N5
999 _c1279622
_d1279622